<?xml version="1.0" encoding="UTF-8"?>
<record
    xmlns:xsi="http://www.w3.org/2001/XMLSchema-instance"
    xsi:schemaLocation="http://www.loc.gov/MARC21/slim http://www.loc.gov/standards/marcxml/schema/MARC21slim.xsd"
    xmlns="http://www.loc.gov/MARC21/slim">

  <leader>01763nam a2200265 a 4500</leader>
  <controlfield tag="001">1608814</controlfield>
  <controlfield tag="003">OSt</controlfield>
  <controlfield tag="005">20220607142731.0</controlfield>
  <controlfield tag="008">190117s2018    ck ao  gr     000 0 spa d</controlfield>
  <datafield tag="020" ind1=" " ind2=" ">
    <subfield code="a">9789584264961</subfield>
  </datafield>
  <datafield tag="040" ind1=" " ind2=" ">
    <subfield code="a">CO-BoBLA </subfield>
    <subfield code="b">spa </subfield>
    <subfield code="c">CO-MqBPB</subfield>
  </datafield>
  <datafield tag="082" ind1="0" ind2="4">
    <subfield code="a">158.1 </subfield>
    <subfield code="b">N43c </subfield>
  </datafield>
  <datafield tag="100" ind1="1" ind2=" ">
    <subfield code="a">Nieves Miguel, Rut.</subfield>
  </datafield>
  <datafield tag="245" ind1="1" ind2="0">
    <subfield code="a">Cree en ti : </subfield>
    <subfield code="b">descubre el poder de transformar tu vida, volumen 1 / </subfield>
    <subfield code="c">Rut Nieves.</subfield>
  </datafield>
  <datafield tag="250" ind1=" " ind2=" ">
    <subfield code="a">Nueva edici&#xF3;n actualizada.</subfield>
  </datafield>
  <datafield tag="260" ind1=" " ind2=" ">
    <subfield code="a">Bogot&#xE1; : </subfield>
    <subfield code="b">Editorial Planeta Colombiana ; </subfield>
    <subfield code="a">Barcelona : </subfield>
    <subfield code="b">Editorial Planeta : </subfield>
    <subfield code="b">Diana, </subfield>
    <subfield code="c">2018.</subfield>
  </datafield>
  <datafield tag="300" ind1=" " ind2=" ">
    <subfield code="a">254 p&#xE1;ginas : </subfield>
    <subfield code="b">ilustraciones, fotograf&#xED;as ; </subfield>
    <subfield code="c">23 cm.</subfield>
  </datafield>
  <datafield tag="500" ind1=" " ind2=" ">
    <subfield code="a">Cree en ti no es un libro de autoayuda, es un libro de autoempoderamiento

&#xBF;C&#xF3;mo ser&#xE1; mi vida dentro de diez a&#xF1;os si sigo haciendo lo mismo?

La respuesta fue tan clara que, con treinta y cinco a&#xF1;os, lo dej&#xE9; todo por ir en busca de m&#xED; misma, de eso que tanto me faltaba. 

Dej&#xE9; mi trabajo como arquitecta, mi piso, mi ciudad, mi pa&#xED;s y las personas que m&#xE1;s quer&#xED;a. Y me fui a vivir a los bosques de la Selva Negra en busca de respuestas. All&#xED; empec&#xE9; a conectar con mi esencia y con lo que yo realmente amaba. Y a partir de ah&#xED; todas las respuestas llegaron juntas. 

Un a&#xF1;o antes de empezar a escribir este libro, entend&#xED; por qu&#xE9; mi vida hab&#xED;a llegado hasta ese punto, por qu&#xE9; no hab&#xED;a conseguido vivir mis grandes sue&#xF1;os. Entend&#xED; c&#xF3;mo las creencias que absorbi&#xF3; mi mente durante los siete primeros a&#xF1;os de vida hab&#xED;an dirigido y condicionado el resto de mi existencia</subfield>
  </datafield>
  <datafield tag="650" ind1=" " ind2="4">
    <subfield code="a">Autoayuda.</subfield>
  </datafield>
  <datafield tag="650" ind1=" " ind2="4">
    <subfield code="a">Psicolog&#xFFFD;a aplicada.</subfield>
  </datafield>
  <datafield tag="650" ind1=" " ind2=" ">
    <subfield code="a">Autorrealizaci&#xFFFD;n (Psicolog&#xFFFD;a)</subfield>
  </datafield>
  <datafield tag="650" ind1=" " ind2="4">
    <subfield code="a">Psicolog&#xFFFD;a individual.</subfield>
  </datafield>
  <datafield tag="942" ind1=" " ind2=" ">
    <subfield code="2">ddc</subfield>
    <subfield code="c">BK</subfield>
  </datafield>
  <datafield tag="949" ind1=" " ind2=" ">
    <subfield code="a">n    </subfield>
    <subfield code="b">n</subfield>
  </datafield>
  <datafield tag="999" ind1=" " ind2=" ">
    <subfield code="c">14293</subfield>
    <subfield code="d">14293</subfield>
  </datafield>
  <datafield tag="952" ind1=" " ind2=" ">
    <subfield code="0">0</subfield>
    <subfield code="1">0</subfield>
    <subfield code="2">ddc</subfield>
    <subfield code="4">0</subfield>
    <subfield code="7">0</subfield>
    <subfield code="8">GEN</subfield>
    <subfield code="a">BPMOS</subfield>
    <subfield code="b">BPMOS</subfield>
    <subfield code="d">2022-06-07</subfield>
    <subfield code="e">COMPRA 2022</subfield>
    <subfield code="l">17</subfield>
    <subfield code="m">16</subfield>
    <subfield code="o">158.1  N43c </subfield>
    <subfield code="p">MOS502374</subfield>
    <subfield code="q">2029-12-25</subfield>
    <subfield code="r">2025-04-21</subfield>
    <subfield code="s">2025-04-21</subfield>
    <subfield code="t">ej 1</subfield>
    <subfield code="w">2022-06-07</subfield>
    <subfield code="y">BK</subfield>
    <subfield code="z">Quince dias</subfield>
  </datafield>
</record>
